Famous Celebrities In 2010-2018 - Statistics

General Stats
  • This quiz has been taken 1,453 times
  • The average score is 25 of 40
Answer Stats
Picture Answer % Correct
Ariana Grande
98%
Taylor Swift
98%
Kim Kardashian
94%
Justin Bieber
92%
Rihanna
92%
Kanye West
91%
Katy Perry
91%
Kylie Jenner
91%
Ellen Degeneres
88%
Kendall Jenner
88%
Nicki Minaj
88%
Khloe Kardashian
86%
Selena Gomez
86%
Kourtney Kardashian
85%
Beyonce
81%
Cardi B
80%
Jimmy Fallon
76%
Emma Stone
74%
Meghan Markle
73%
Kris Jenner
72%
Logan Paul
72%
ZAYN Malik
70%
Lady Gaga
69%
Pete Davidson
59%
Camila Cabello
55%
Gigi Hadid
53%
Steve Harvey
53%
Mila Kunis
52%
Demi Lovato
45%
Maddie Ziegler
43%
Miranda Sings
43%
Jeffree Star
39%
Hailey Baldwin
36%
Shane Dawson
24%
Perrie Edwards
23%
Colleen Ballinger
22%
Joey Graceffa
16%
Leigh-Ann Pinnock
5%
Ariadna Gutierrez
1%
Pia Alonzo Wurtzbach
1%
No matching quizzes found
Score Distribution
Percent of People with Each Score
Percentile by Number Answered
Your Score History
You have not taken this quiz